1289 1404 1748 1270 1678 1881 1879 1272 1664 1993 1647 1101 1249 1550 1533 1421 1730 1394 1834 1768 1660 1261 1948 1168 1339 1338 1691 1278 1155 1426 1452 1510 1673 1658 1568 1018 1075 1766 1813 1633 1095 1138 1411 1726 1244 1254 2000 1877 1669 1179 1961 1463 1477 1057 1163 1441 1662 1044 1996 1639 1922 1935 1659 1594 1345 1563 1971 1341 1256 1736 1089 1678 1757 1825 1491 1992 1357 1334 1738 1343 1700 1389 1934 1117 1129 1609 1030 1971 1008 1540 1258 1913 1458 1632 1173 1278 1883 1545 1397 BCNSPRNW ULIB Ver.6.0+V

เปลี่ยนเป็นภาษาไทย

Change to English
 แสดงรายละเอียดบรรณานุกรม
  กลับหน้าหลัก

Brief Record : Get Marc (ISO 2709) : E-mail record : QR code < ปิดหน้าต่าง
LEADER : 00000nam 2200000uu 4500
001    13399121355
003     ULIB
008    110627s2551||||th 000 0 tha d
099    วจ.BF576^bจ253ศ
100 0  จันทร์จิรา หล้ามี
245 00 ศึกษาความสัมพันธ์ระหว่างความฉลาดทางอารมณ์กับพฤติกรรมเชิงจริยธรรมของนักศึกษาพยาบาล/^cจันทร์จิรา หล้ามี ,วรรณภรณ์ วีระพงษ์ และอารีย์ กุลจู
260    พิษณุโลก :^bวิทยาลัยพยาบาลบรมราชชนนี พุทธชินราช,^c2551
300    96 หน้า
650  7 วิทยาลัยพยาบาลบรมราชชนนี พุทธชินราช
650  7 ความฉลาดทางอารมณ์^xนักศึกษาพยาบาล^xวิจัย
700 02 วรรณภรณ์ วีระพงษ์
700 02 อารีย์ กุลจู
710 1  วิทยาลัยพยาบาลบรมราชชนนี พุทธชินราช
945    ^p0^l0^i023562
995    ทศพร
999 ^a ใช้งานได้ทุกระบบ
รายการนี้ยังไม่มีแท็ก
คุณยังไม่ได้ล็อกอิน คุณสามารถมีกิจกรรมร่วมกับเว็บไซต์ได้ แต่ต้องล็อกอินก่อน ::
  ล็อกอิน

รายการสื่อสารสนเทศ

ลำดับที่ ประเภท เลขเรียก/บาร์โค้ด สถานที่ สถานะ
1. งานวิจัย
งานวิจัย
วจ.BF576 จ253ศ ฉ.1 
  Barcode: 023562
ห้องสมุดวิทยาเขตสวรรค์ประชารักษ์
►วิจัย
บนชั้น

รายการใกล้เคียง
    หัวเรื่อง [วิทยาลัยพยาบาลบรมราชชนนี พุทธชินราช]

BibComment


ยังไม่เคยถูกคอมเมนท์

คอมเมนท์ทรัพยากรรายการนี้
  คอมเมนท์: ศึกษาความสัมพันธ์..


 Copyright 2026. Bcnsprnw @Library